000 01068nam0a22002411i 4500
001 rc\3628861
005 20240724000938.0
021 _aRU
_b[70-11092а]
035 _a(NLR Aleph) 007722221
090 _a6964122
_c6964122
100 _a20130115d1970 |||y0rusy50 ca
101 0 _arus
102 _aRU
105 _ay d |||||
200 1 _aРасчет и исследование элементов электронной аппаратуры для экспериментов на пучках частиц синхроциклотрона ОИЯИ
_e13-5029
_eАвтореф. дис. на соискание учен. степени канд. техн. наук
_e(260)
_fОбъедин. ин-т ядерных исследований. Лаборатория ядерных проблем
210 _aДубна
_d1970
215 _a20 с.
_cграф.
320 _aСписок работ авт.: с. 19-20 (21 назв.)
700 1 _aМедведь
_bС.В.
801 0 _aRU
_bNLR
_gpsbo
801 1 _aRU
_bELAR
_2rusmarc
852 _aNLR
_j70-6/8198
942 _cBOOK